A general introduction to Islam

Bibliographic Details
Main Author: طنطاوي, علي (Author)
Format: Book
Published: Lahore : Islamic Pub. , 1981
Subjects:

MARC

LEADER 00000cam a2200000 7i4500
001 0000005786
005 20041024093000.0
008 021119s1981
090 0 0 |a BP161   |b .T2612 
100 0 |a طنطاوي, علي ,   |e author 
245 1 2 |a A general introduction to Islam   |c by 'Ali al-Tantawi   |f English rendering, Babur Ali Zia 
260 2 |a Lahore :   |b Islamic Pub. ,   |c 1981 
300 |a xv, 237 p. ;   |c 22 cm. 
500 |a Translation of: Ta'arif 'amm bi-din al-Islam 
650 0 |a Islam 
999 |a 1000058917   |b Book   |c OPEN SHELF (30 DAYS)   |e Gong Badak Campus